[Event "POL-chT U19 Wielkopolskie"]
[Site "Poland"]
[Date "2016.04.02"]
[Round "5.29"]
[White "Kubiak, Aleksandra"]
[Black "Nawrocka, Edyta"]
[Result "0-1"]
[WhiteElo "1267"]
[BlackElo "1115"]
[PlyCount "106"]
[EventDate "2016.02.13"]
[EventType "team-tourn"]
[EventRounds "9"]
[EventCountry "POL"]
[SourceTitle "EXT 2019"]
[Source "ChessBase"]
[SourceDate "2018.10.10"]
[SourceVersion "1"]
[SourceVersionDate "2018.10.10"]
[SourceQuality "1"]

1. b4 e5 2. a3 d5 3. Bb2 Bd6 4. Nf3 Qe7 5. e3 Bf5 6. c4 c6 7. cxd5 cxd5 8. Nc3 Nf6 9. Nb5 Nbd7 10. Nxd6+ Qxd6 11. Rc1 0-0 12. Be2 Rac8 13. 0-0 Rfe8 14. Qa4 a6 15. Qb3 b5 16. Rfd1 Bg4 17. h3 Bh5 18. Rc2 h6 19. Rdc1 Rxc2 20. Rxc2 e4 21. Nd4 Bxe2 22. Rc6 Bc4 23. Qxc4 Ne5 24. Qc2 Nxc6 25. Nxc6 Qc7 26. Qc5 Re6 27. Nd4 Qxc5 28. bxc5 Re8 29. Nc6 Kf8 30. Bd4 Rc8 31. Na5 Nd7 32. Nb3 g6 33. Kf1 Ke8 34. Ke2 Kd8 35. d3 f5 36. Kd2 Kc7 37. Kc3 Nb8 38. Be5+ Kd7 39. d4 Nc6 40. Bd6 a5 41. Kc2 a4 42. Nc1 Na5 43. Na2 Nc4 44. Bg3 Nxa3+ 45. Kc3 Kc6 46. Nb4+ Kb7 47. Nxd5 Rg8 48. Nb6 Ka6 49. Be5 Ka5 50. d5 b4+ 51. Kb2 Nb5 52. Nc4+ Ka6 53. Nd6 Nc3 0-1

[Event "POL-ch U14 Girls"]
[Site "Suwalki"]
[Date "2015.04.14"]
[Round "9"]
[White "Kubiak, Aleksandra"]
[Black "Gowin, Malgorzata"]
[Result "1/2-1/2"]
[WhiteElo "1174"]
[BlackElo "1369"]
[PlyCount "113"]
[EventDate "2015.04.08"]
[EventType "swiss"]
[EventRounds "9"]
[EventCountry "POL"]
[SourceTitle "EXT 2017"]
[Source "ChessBase"]
[SourceDate "2016.10.25"]
[SourceVersion "1"]
[SourceVersionDate "2016.10.25"]
[SourceQuality "1"]

1. e4 c5 2. Nf3 a6 3. c3 Nc6 4. d4 cxd4 5. cxd4 e6 6. Bd3 Nf6 7. 0-0 Be7 8. Bd2 b6 9. a3 Bb7 10. Be3 Na5 11. Nc3 Qc7 12. Rc1 Qb8 13. b4 Nc6 14. d5 Ne5 15. dxe6 dxe6 16. Bxb6 Nxd3 17. Qxd3 Bxe4 18. Nxe4 Qxb6 19. Nfg5 h6 20. Nxf6+ Bxf6 21. Ne4 Be7 22. Rfd1 0-0 23. Qd7 Ra7 24. Qd3 Rd8 25. Qf3 Rxd1+ 26. Rxd1 a5 27. bxa5 Qxa5 28. h3 Qxa3 29. Qf4 Qb2 30. Nd2 Ra1 31. Rxa1 Qxa1+ 32. Kh2 Qa7 33. Ne4 Bd8 34. Kh1 Bc7 35. Qc1 Be5 36. f4 Qa1 37. Qxa1 Bxa1 38. g4 Bb2 39. Kg2 Bc1 40. Kf3 Kh7 41. h4 f5 42. gxf5 exf5 43. Nd6 Kg6 44. h5+ Kxh5 45. Nxf5 Kg6 46. Nh4+ Kf6 47. Kg4 g6 48. Kf3 g5 49. fxg5+ Kxg5 50. Kg3 h5 51. Nf3+ Kh6 52. Ne5 Bb2 53. Nd3 Bd4 54. Kh4 Bf6+ 55. Kh3 Kg5 56. Kg3 h4+ 57. Kh3 1/2-1/2

[Event "POL-ch U14 Girls"]
[Site "Suwalki"]
[Date "2015.04.13"]
[Round "8"]
[White "Lesniak, Angelika"]
[Black "Kubiak, Aleksandra"]
[Result "1/2-1/2"]
[WhiteElo "1339"]
[BlackElo "1174"]
[PlyCount "134"]
[EventDate "2015.04.08"]
[EventType "swiss"]
[EventRounds "9"]
[EventCountry "POL"]
[SourceTitle "EXT 2017"]
[Source "ChessBase"]
[SourceDate "2016.10.25"]
[SourceVersion "1"]
[SourceVersionDate "2016.10.25"]
[SourceQuality "1"]

1. e4 d6 2. d4 Nf6 3. Nc3 g6 4. f3 Bg7 5. Be3 c6 6. Qd2 b5 7. 0-0-0 Nbd7 8. d5 Ne5 9. dxc6 b4 10. Nd5 Nxd5 11. exd5 Qa5 12. a3 Qa4 13. Qxb4 Qxb4 14. axb4 0-0 15. h3 f5 16. Re1 f4 17. Bd4 e6 18. dxe6 Bxe6 19. h4 Rfc8 20. Ba6 Rc7 21. Bb7 Rf8 22. Kb1 Bd5 23. Nh3 h6 24. Rd1 Bxc6 25. Bxc6 Rxc6 26. Bxa7 Nc4 27. Bd4 Bxd4 28. Rxd4 Ne3 29. Nxf4 Nxc2 30. Rd2 Nxb4 31. Nd5 Nxd5 32. Rxd5 Kf7 33. Re1 Re8 34. Rdd1 Ra6 35. Rc1 Rea8 36. Kc2 Kf6 37. Rcd1 Kf5 38. h5 gxh5 39. Rd5+ Kf4 40. Rxh5 Kg3 41. Rxh6 Kxg2 42. Rf6 Kf2 43. Ree6 Rc6+ 44. Kd3 Ra2 45. Re2+ Kg3 46. Rc2 Rb6 47. Kc3 Ra4 48. Rd2 Ra2 49. Rfxd6 Rxd6 50. Rxd6 Kxf3 51. b4 Ra8 52. b5 Ke4 53. Kc4 Ke5 54. Ra6 Rc8+ 55. Rc6 Rxc6+ 56. bxc6 Kd6 57. Kb5 Kc7 58. Kc5 Kc8 59. Kb6 Kb8 60. Kc5 Kc8 61. Kd6 Kd8 62. Ke6 Kc7 63. Kd5 Kc8 64. Kc5 Kc7 65. Kb5 Kc8 66. Kb4 Kc7 67. Kc5 Kc8 1/2-1/2

[Event "POL-ch U14 Girls"]
[Site "Suwalki"]
[Date "2015.04.11"]
[Round "6"]
[White "Kubiak, Aleksandra"]
[Black "Kopec, Olga"]
[Result "1-0"]
[WhiteElo "1174"]
[BlackElo "1050"]
[PlyCount "31"]
[EventDate "2015.04.08"]
[EventType "swiss"]
[EventRounds "9"]
[EventCountry "POL"]
[SourceTitle "EXT 2017"]
[Source "ChessBase"]
[SourceDate "2016.10.25"]
[SourceVersion "1"]
[SourceVersionDate "2016.10.25"]
[SourceQuality "1"]

1. e4 e5 2. Nf3 Nc6 3. Bc4 Bc5 4. 0-0 Nf6 5. d4 exd4 6. e5 Ng8 7. Re1 Nge7 8. Ng5 0-0 9. Qh5 h6 10. Nxf7 Rxf7 11. Bxf7+ Kf8 12. Qf3 Ng8 13. Bc4+ Nf6 14. exf6 Qxf6 15. Qxf6+ gxf6 16. Bxh6# 1-0

[Event "POL-ch U14 Girls"]
[Site "Suwalki"]
[Date "2015.04.10"]
[Round "4"]
[White "Waligora, Julia"]
[Black "Kubiak, Aleksandra"]
[Result "1-0"]
[WhiteElo "1218"]
[BlackElo "1174"]
[PlyCount "101"]
[EventDate "2015.04.08"]
[EventType "swiss"]
[EventRounds "9"]
[EventCountry "POL"]
[SourceTitle "EXT 2017"]
[Source "ChessBase"]
[SourceDate "2016.10.25"]
[SourceVersion "1"]
[SourceVersionDate "2016.10.25"]
[SourceQuality "1"]

1. e4 e5 2. Nf3 Nc6 3. d4 exd4 4. Bc4 a6 5. 0-0 Bc5 6. c3 dxc3 7. Bxf7+ Kxf7 8. Qd5+ Ke8 9. Qxc5 Nf6 10. Nxc3 d6 11. Qc4 g5 12. Nd5 Nxd5 13. exd5 Ne7 14. Re1 Bd7 15. Qd3 Rg8 16. Qxh7 Kf8 17. Qh6+ Ke8 18. Nxg5 Bf5 19. Ne6 Qd7 20. Ng7+ Kd8 21. Nxf5 Nxf5 22. Qf6+ Ne7 23. Bg5 Re8 24. Rxe7 Qxe7 25. Qxe7+ Rxe7 26. Re1 Kd7 27. Rxe7+ Kd8 28. Rg7+ Ke8 29. Rg8+ Kf7 30. Rxa8 Kg6 31. Ra7 Kxg5 32. Rxb7 Kf5 33. Rxc7 Ke5 34. Rd7 Kxd5 35. h4 Ke6 36. Rd8 Ke7 37. Rxd6 Kxd6 38. a4 Kc5 39. h5 Kb4 40. h6 Kxa4 41. h7 Kb3 42. h8Q Ka2 43. Qa8 Kb1 44. Qc8 Ka2 45. b4 Ka3 46. b5 Ka4 47. b6 Ka5 48. b7 Ka4 49. b8R Ka5 50. Qc5+ Ka4 51. Qb4# 1-0

[Event "POL-ch U14 Girls"]
[Site "Suwalki"]
[Date "2015.04.09"]
[Round "3"]
[White "Kubiak, Aleksandra"]
[Black "Dwilewicz, Agata"]
[Result "0-1"]
[WhiteElo "1174"]
[BlackElo "1686"]
[PlyCount "134"]
[EventDate "2015.04.08"]
[EventType "swiss"]
[EventRounds "9"]
[EventCountry "POL"]
[SourceTitle "EXT 2017"]
[Source "ChessBase"]
[SourceDate "2016.10.25"]
[SourceVersion "1"]
[SourceVersionDate "2016.10.25"]
[SourceQuality "1"]

1. f4 d5 2. Nf3 g6 3. e3 Bg7 4. c3 e6 5. d4 Nf6 6. Bd3 Nbd7 7. 0-0 c5 8. Nbd2 0-0 9. Qe1 b6 10. Ne5 Bb7 11. Ndf3 Ne4 12. Bxe4 dxe4 13. Ng5 Nxe5 14. dxe5 h6 15. Nh3 Qe7 16. Nf2 Ba6 17. Nxe4 Bxf1 18. Qxf1 Rad8 19. Nd6 f6 20. exf6 Bxf6 21. Ne4 Bg7 22. Qf3 Rd5 23. Bd2 Rfd8 24. Rd1 Qf7 25. g4 g5 26. Qg3 gxf4 27. exf4 Qg6 28. Qg2 Kh8 29. Rf1 Rf8 30. f5 exf5 31. Ng3 Rfd8 32. gxf5 Qf7 33. f6 Rxd2 34. fxg7+ Qxg7 35. Rf2 Rd1+ 36. Rf1 Rxf1+ 37. Qxf1 Qg5 38. a3 Re8 39. Kh1 Qe5 40. Kg2 Rg8 41. Kh1 Qd5+ 42. Kg1 Qd6 43. Kh1 Rf8 44. Qe2 Qf4 45. Qe1 Qf3+ 46. Kg1 Qf4 47. Kh1 Rd8 48. Kg1 a5 49. b3 Qg5 50. c4 Qf4 51. a4 Qd4+ 52. Kf1 Qd1 53. Qxd1 Rxd1+ 54. Ke2 Rb1 55. Nf5 Rxb3 56. Nxh6 Ra3 57. h4 Rxa4 58. h5 Rxc4 59. Nf5 a4 60. Nd6 Rb4 61. h6 Kh7 62. Nf5 a3 63. Kd3 a2 64. Ng7 a1Q 65. Nh5 Qa3+ 66. Kc2 Rb2+ 67. Kc1 Qa1# 0-1